[Event "Umag"]
[Site "Umag"]
[Date "2004.04.09"]
[Round "9.2"]
[White "Cordic, Rasim"]
[Black "Savic, Miroslav"]
[Result "0-1"]
[WhiteElo "2023"]
[BlackElo "2270"]
[PlyCount "117"]
[EventDate "2004.04.01"]
[EventType "tourn"]
[EventRounds "9"]
[EventCountry "CRO"]
[SourceTitle "CBM 099 Extra"]
[Source "ChessBase"]
[SourceDate "2004.05.04"]
[SourceVersion "1"]
[SourceVersionDate "2004.05.04"]
[SourceQuality "1"]

1. e4 c5 2. c3 d5 3. exd5 Qxd5 4. Qf3 Nf6 5. Bb5+ Bd7 6. Na3 a6 7. Qxd5 Nxd5 8. Bxd7+ Nxd7 9. Ne2 e6 10. 0-0 Be7 11. d3 0-0 12. Nf4 Rfe8 13. Nc4 b5 14. Nxd5 exd5 15. Ne3 d4 16. Nd5 Bd6 17. f4 Re2 18. Rf2 Rae8 19. Bd2 f5 20. Kf1 Rxf2+ 21. Kxf2 Kf7 22. Rc1 dxc3 23. bxc3 Nf6 24. Nxf6 Kxf6 25. a4 Rb8 26. axb5 axb5 27. g3 Ke6 28. Ke3 Kd7 29. Ra1 Re8+ 30. Kf3 Rb8 31. Ke3 Kc6 32. Ra6+ Rb6 33. Rxb6+ Kxb6 34. Ke2 Be7 35. Kd1 Bf6 36. Kc2 Kc6 37. c4 Bd4 38. Be1 b4 39. Kb3 h5 40. h4 Kb6 41. Ka4 Ka6 42. Kb3 Ka5 43. Bd2 g6 44. Bc1 Bf2 45. Bd2 Bxg3 46. Be3 Bxh4 47. Bxc5 Be1 48. Bg1 h4 49. d4 h3 50. Bh2 Bf2 51. d5 Bc5 52. Bg3 Kb6 53. Bh2 Kc7 54. Bg3 Kd6 55. Bh2 Kd7 56. Ka4 Kd6 57. Kb3 Kc7 58. Ka4 g5 59. fxg5+ 0-1

[Event "Umag"]
[Site "Umag"]
[Date "2004.04.07"]
[Round "7.3"]
[White "Cordic, Rasim"]
[Black "Zufic, Miroslav"]
[Result "0-1"]
[WhiteElo "2023"]
[BlackElo "2388"]
[PlyCount "40"]
[EventDate "2004.04.01"]
[EventType "tourn"]
[EventRounds "9"]
[EventCountry "CRO"]
[SourceTitle "CBM 099 Extra"]
[Source "ChessBase"]
[SourceDate "2004.05.04"]
[SourceVersion "1"]
[SourceVersionDate "2004.05.04"]
[SourceQuality "1"]

1. e4 c5 2. c3 Nf6 3. e5 Nd5 4. d4 cxd4 5. cxd4 e6 6. Bd3 d6 7. exd6 Bxd6 8. Nf3 Nd7 9. 0-0 0-0 10. Nbd2 N7f6 11. Ne4 b6 12. Nxd6 Qxd6 13. Ne5 Bb7 14. a3 Nd7 15. Re1 Rad8 16. Nxd7 Rxd7 17. Bg5 Nf4 18. Qg4 Nxd3 19. Bf6 g6 20. Qh3 Qf4 0-1